Calidad y democracia en la enseñanza superior : un objetivo posible y necesario /

Gespeichert in:
Bibliographische Detailangaben
1. Verfasser: Tedesco, Juan Carlos
Format: Unbekannt
Sprache:Spanish
Schlagworte:
Tags: Tag hinzufügen
Keine Tags, Fügen Sie den ersten Tag hinzu!

MARC

LEADER 000000000a22000000004500
001 006434
041 0 |a spa 
100 1 |a Tedesco, Juan Carlos 
245 1 0 |a Calidad y democracia en la enseñanza superior :   |b un objetivo posible y necesario /   |c Juan Carlos Tedesco. 
650 4 |a ENSEÑANZA SUPERIOR 
650 4 |a UNIVERSIDADES 
650 4 |a CALIDAD EDUCATIVA 
773 0 |d Costa Rica : Programa Centroamericanos  |t Revista Estudios Sociales Centroamericanos  |g número 96 (1988), páginas 26-42 
942 |c ARC 
999 |c 12876  |d 12876